• 首页
  • 本馆介绍
  • 公告通知
  • 最新文献
  • 馆藏检索
  • 电子资源
  • 读者导购
  • 参考咨询
  • 我的图书馆
  • 登录
  • 详细信息显示
  • 放入我的书架
  • 预约/预借图书
  • 作者相关作品
  • 分类相关作品
  • 丛书相关作品
  • 出版社相关作品

书目信息

  • 表格格式
  • 工作单格式
  • 卡片格式
题名:
图书馆现代技术教学参考资料
    
 
作者: 刘厚嘉 , 熊传荣 , 刘家真 , 刘荣 编
分册:  
出版信息: 武汉   武汉大学出版社  1986
页数: 411页
开本: 20cm
丛书名:
单 册:
中图分类: G258.94
科图分类:
主题词: 图书馆工作-现代化--电视大学--教学参考资料 , 图书馆自动化--电视大学--教学参考资料 , 现代化-图书馆工作--电视大学--教学参考资料
电子资源:
ISBN:
000 00916nam0 2200289 45
001 0186018784
005 20061027103957.62
091    @aCN@b7279.58
100    @a19900726d1986 em y0chiy0121 ea
101 0  @achi
102    @aCN@b420000
105    @ay z 000yy
200 10 @a图书馆现代技术教学参考资料@Atu shu guan xian dai ji shu jiao xue can kao zi liao@f刘荣等编
210    @a武汉@c武汉大学出版社@d1986
215    @a411页@d20cm
300    @a中央广播电视大学图书馆学专业用书
606    @a图书馆工作-现代化@x电视大学@x教学参考资料
606    @a图书馆自动化@x电视大学@x教学参考资料
606    @a现代化-图书馆工作@x电视大学@x教学参考资料
690    @aG258.94@v3
701  0 @a刘厚嘉@Aliu hou jia@4编
701  0 @a熊传荣@Axiong chuan rong@4编
701  0 @a刘家真@Aliu jia zhen@4编
701  0 @a刘荣@Aliu rong@4编
801  2 @aCN@bNLC@c20061027
801  0 @aCN@bTSSF
905    @a10447@dG258.94@e9:1
    
    图书馆现代技术教学参考资料/刘荣等编.-武汉:武汉大学出版社,1986
    411页;20cm
    中央广播电视大学图书馆学专业用书
    
    ISBN :
    
●
相关链接 在E读中查询图书 在五车中查询图书 在当当中查询图书 在豆瓣中查询图书


正题名:图书馆现代技术教学参考资料     索取号:G258.94/9:1         预约/预借

序号 登录号 条形码 馆藏地/架位号 状态 备注
1 0178899   000215975   第一样本阅览室/ [索取号:G258.94/9:1] 在馆    
唐山师范学院图书馆 欢迎您!
大连网信软件有限公司© 版权所有